<?xml version="1.0" encoding="UTF-8"?>
<record
    xmlns:xsi="http://www.w3.org/2001/XMLSchema-instance"
    xsi:schemaLocation="http://www.loc.gov/MARC21/slim http://www.loc.gov/standards/marcxml/schema/MARC21slim.xsd"
    xmlns="http://www.loc.gov/MARC21/slim">

  <leader>01454nam a22001697a 4500</leader>
  <controlfield tag="003">IT-RoPau</controlfield>
  <controlfield tag="005">20220918181221.0</controlfield>
  <controlfield tag="008">140719b        xxu||||| |||| 00| 0 eng d</controlfield>
  <datafield tag="040" ind1=" " ind2=" ">
    <subfield code="c">IT-RoPau</subfield>
  </datafield>
  <datafield tag="100" ind1=" " ind2=" ">
    <subfield code="a">Pie Discepole del Divin Maestro</subfield>
    <subfield code="9">33892</subfield>
  </datafield>
  <datafield tag="245" ind1=" " ind2=" ">
    <subfield code="a">E'apparsa la grazia di Dio</subfield>
    <subfield code="b">Le antifone di comunione</subfield>
  </datafield>
  <datafield tag="260" ind1=" " ind2=" ">
    <subfield code="a">Roma</subfield>
    <subfield code="b">PDDM Provincia italiana</subfield>
    <subfield code="c">2008</subfield>
  </datafield>
  <datafield tag="300" ind1=" " ind2=" ">
    <subfield code="a">36 pp.</subfield>
    <subfield code="c">21 cm</subfield>
  </datafield>
  <datafield tag="500" ind1=" " ind2=" ">
    <subfield code="a">Sussidi - 9.
11 Posters per le domeniche di Avvento - Natale
Anno liturgico ciclo B</subfield>
  </datafield>
  <datafield tag="520" ind1=" " ind2=" ">
    <subfield code="a">Indice

Introduzione
L'annuncio del ritorno glorioso del Signore
I domenica di Avvento - Canto di comunione
L'invito a preparare la venuta del Signore
II domenicica di Avvento - Canto di comunione
Immacolata Concezione della Beata Vergine Maria
Immacolata Concezione della Beata Vergine Maria - Canto di Comunione
La gioia per il Cristo che viene
III domenica di Avvento - Canto di comunione
L'accoglienza di Ges&#xF9; Figlio di Maria
IV domenica di Avvento - Canto di comunione
Natale del Signore
Natale del Signore - Canto di comunione
Santa Famiglia di Ges&#xF9; Giuseppe e Maria
Santa Famiglia di Ges&#xF9; Giuseppe e Maria- Canto di comunione
Maria Santissima Madre di Dio
Maria Santissima Madre di Dio - Canto di comunione
SIamo figli di Dio figli nel Figlio
II domenica dopo Natale - Canto di comunione
Epifania del Signore
Epifania del Signore - Canto di comunione
Battesimo del Signore
Battesimo di Ges&#xF9; - Canto di comunione</subfield>
  </datafield>
  <datafield tag="942" ind1=" " ind2=" ">
    <subfield code="2">ddc</subfield>
    <subfield code="c">BK</subfield>
  </datafield>
  <datafield tag="999" ind1=" " ind2=" ">
    <subfield code="c">104468</subfield>
    <subfield code="d">104468</subfield>
  </datafield>
  <datafield tag="952" ind1=" " ind2=" ">
    <subfield code="0">0</subfield>
    <subfield code="1">0</subfield>
    <subfield code="2">ddc</subfield>
    <subfield code="4">0</subfield>
    <subfield code="6">P_D8</subfield>
    <subfield code="7">1</subfield>
    <subfield code="a">PAULUS</subfield>
    <subfield code="b">PAULUS</subfield>
    <subfield code="d">2014-07-19</subfield>
    <subfield code="l">0</subfield>
    <subfield code="o">P D8</subfield>
    <subfield code="r">2014-07-19 00:00:00</subfield>
    <subfield code="w">2014-07-19</subfield>
    <subfield code="y">BK</subfield>
  </datafield>
</record>
